Navachakravalam: Naliniyllum mattum (Record no. 102916)

MARC details
000 -LEADER
fixed length control field 00608nam a2200229Ia 4500
003 - CONTROL NUMBER IDENTIFIER
control field OSt
005 - DATE AND TIME OF LATEST TRANSACTION
control field 20220916111008.0
008 - FIXED-LENGTH DATA ELEMENTS--GENERAL INFORMATION
fixed length control field 220915b |||||||| |||| 00| 0 mal d
037 ## - SOURCE OF ACQUISITION
Terms of availability Textbook
040 ## - CATALOGING SOURCE
Language of cataloging mal
Original cataloging agency ARTS
Transcribing agency ARTS
041 ## - LANGUAGE CODE
Language code of text/sound track or separate title mal
100 ## - MAIN ENTRY--PERSONAL NAME
Personal name Daniel K.M. Au.
245 #0 - TITLE STATEMENT
Title Navachakravalam: Naliniyllum mattum
260 ## - PUBLICATION, DISTRIBUTION, ETC.
Date of publication, distribution, etc. 1973
650 ## - SUBJECT ADDED ENTRY--TOPICAL TERM
Topical term or geographic name entry element MALAYALAM LITERATURE; MALAYALAM POETRY
942 ## - ADDED ENTRY ELEMENTS (KOHA)
Classification part O32,1M71,11:g, L3
Koha item type Textbook
Source of classification or shelving scheme Colon Classification (CC)
Holdings
Withdrawn status Lost status Damaged status Not for loan Home library Current library Date acquired Total Checkouts Full call number Barcode Date last seen Price effective from Koha item type
        Arts Library Arts Library 2022-09-16   O32,1M71,11:g L3 AL0601088 2022-09-16 2022-09-16 Textbook
Copyright @ Delhi University Library System